O Cinturão Negro (Registo nº 814)

Detalhes MARC
000 -Etiqueta do registo
Cabeçalho 00704nam0a22002891 4500
005 - Identificador da versão
Campo de controlo 20240813121816.0
010 ## - Número internacional normalizado dos livros (ISBN)
Número (ISBN) 9722021834
021 ## - Número do Depósito Legal
Código do país PT
Número 176 004/02
035 ## - Other System Control Numbers
System Control Number 0000885
System Control Number 0000880
System Control Number 0000873
System Control Number 0000860
100 ## - Dados gerais de processamento
Dados gerais de processamento 20080212d2002 a e0pory5003 ba
102 ## - Pais de publicação ou produção
País de publicação Portugal
101 0# - Língua de publicação
Língua do texto, banda sonora, etc. Português
Língua do documento no original Português
106 ## - Campo de dados codificados: material textual
Dados codificados do material textual r
105 ## - Campo de dados codificados: livros
Dados codificados dos livros y z 001yy
215 ## - Descrição física 
Indicação específica da natureza do documento e extensão da espécie 128p.
Outras indicações físicas sem ilustrações
Dimensões cm
200 1# - Titulo e menção de responsabilidade
Título próprio O Cinturão Negro
Primeira menção de responsabilidade José Pinto Carneiro
225 2# - Colecção 
Título próprio da colecção Minoria Absoluta
Indicação de volume 24
205 ## - Menção da edição
Menção da edição 1ª edição
210 ## - Publicação, Distribuição, etc. 
Lugar da edição, distribuição, etc. Lisboa
Nome do editor, distribuidor, etc. Publicações Dom Quixote
Data da publicação, distribuição, etc. 2002
966 ## - Identificação da Biblioteca
Sigla NUMETECA
942 ## - Elementos de entrada adicionados (Koha)
Tipo de item no Koha Livro
Exemplares
Situação do levantamento Origin of item (home branch) (coded) Biblioteca de empréstimo Código de barras Cota Circulation type (not for loan) Tipo de documento Nota do exemplar Damaged status
  Biblioteca Escolar Eng. Nuno Mergulhão Biblioteca Escolar Eng. Nuno Mergulhão BENM1502 8POR CAR   Livro Sem mensagem